000 00544nam a22001937a 4500
999 _c176485
_d176485
005 20210102150253.0
008 210102b ||||| |||| 00| 0 eng d
010 _aB-161765
020 _a8189093789
_c95.00
035 _aB-161765
082 _a616.12
_bRAM
100 _aRamdass
245 _aGuide to heart care/
_cby Ramdass
260 _aNew Delhi
_bLotus Press
_c2005
270 _a4263/3, Ansari Road, Darya Ganj,
_bNew Delhi
_c110002
300 _avi,210p.
_c22cm
942 _2ddc
_cEN
_h616.12
_mRAM